[Event "Let's Play Chess!"]
[Site "http://www.queenalice.com/game.php?id=466232"]
[Date "2008.9.21"]
[Round "-"]
[White "ne0_cadu"]
[Black "Fugape"]
[Result "1-0"]
[WhiteElo "1762"]
[BlackElo "1412"]

1. d4 Nf6 2. c4 d5 3. cxd5 Qxd5 4. Nc3 Qa5 5. Bd2 Qf5 6. e4 Nxe4 7. Nxe4 Qxe4+
8. Be3 Bg4 9. Qa4+ Bd7 10. Qb3 e6 11. Nf3 a5 12. a3 Ra7 13. Bd3 Qc6 14. O-O a4
15. Qc2 Qxc2 16. Bxc2 Bd6 17. Ne5 O-O 18. Rfd1 Bc6 19. Nxc6 Nxc6 20. d5 Nd4 21.
Bxd4 e5 22. Bxa7 f5 23. Bxa4 f4 24. f3 e4 25. fxe4 b6 26. Bc6 f3 27. Rf1 Bc5+
28. Rf2 fxg2 29. b4 Bd4 30. Ra2 Bxf2+ 31. Rxf2 Rd8 32. Kxg2 g5 33. Rf6 Kg7 34.
Re6 h5 35. Re7+ Kf6 36. Rxc7 Ke5 37. Re7+ Kf4 38. Rd7 Rf8 39. Bxb6 Kg4 40. h3+
Kh4 41. Bf2+ Rxf2+ 42. Kxf2 Kxh3 43. Rh7 h4 44. Bd7+ g4 45. Bxg4+ Kxg4 46. d6 h3
47. d7 Kf4 48. d8=Q Kg4 49. Qh4# 1-0

[Event "Let's Play Chess!"]
[Site "http://www.queenalice.com/game.php?id=469123"]
[Date "2008.9.27"]
[Round "-"]
[White "ne0_cadu"]
[Black "Aylton"]
[Result "0-1"]
[WhiteElo "1793"]
[BlackElo "2004"]

1. d4 Nf6 2. c4 e6 3. Nc3 d5 4. Bg5 Nbd7 5. Nf3 c6 6. e3 Qa5 7. a3 Ne4 8. Qc2
Nxg5 9. Nxg5 dxc4 10. Bxc4 Qxg5 11. O-O Nb6 12. Ne4 Qd8 13. b4 Nxc4 14. Qxc4 Qd5
15. Qxd5 exd5 16. Nc3 Be6 17. Rac1 a5 18. Rb1 axb4 19. axb4 Ra3 20. Rfc1 Bd6 21.
g3 O-O 22. b5 Rfa8 23. bxc6 bxc6 24. Kg2 g6 25. Rd1 Rxc3 26. Rdc1 Rxc1 27. Rxc1
Bd7 28. Rb1 Rb8 29. Rxb8+ Bxb8 30. Kf3 f5 31. Ke2 g5 32. f4 h6 33. Kf3 Kg7 34.
fxg5 hxg5 35. Kf2 Kh6 36. Kf3 Kh5 37. h3 g4+ 38. hxg4+ fxg4+ 39. Kf2 Bf5 40. Ke2
Bxg3 41. Kf1 Bh2 0-1

[Event "Let's Play Chess!"]
[Site "http://www.queenalice.com/game.php?id=472370"]
[Date "2008.10.3"]
[Round "-"]
[White "ne0_cadu"]
[Black "anetta007"]
[Result "1-0"]
[WhiteElo "1696"]
[BlackElo "1607"]

1. d4 d5 2. c4 dxc4 3. Nf3 Nf6 4. e3 e6 5. Bxc4 Bd6 6. O-O O-O 7. Nbd2 Nc6 8. a4
a6 9. b3 Bd7 10. Ba3 Bxa3 11. Rxa3 b5 12. axb5 axb5 13. Rxa8 Qxa8 14. Bxb5 Ne7
15. Bxd7 Nxd7 16. Qa1 Qb7 17. Qc3 Nd5 18. Qc2 Nb4 19. Qc4 Nd5 20. Rc1 N7b6 21.
Qb5 Rc8 22. Nc4 c6 23. Qc5 Nxc4 24. Qxc4 Nb4 25. Ne5 Na2 26. Ra1 Nb4 27. Ra4 Ra8
28. Qxb4 Rxa4 29. Qxa4 g6 30. h3 Qc7 31. Qxc6 Qe7 32. Qd7 1-0

[Event "AUTO-OPEN-1288"]
[Site "http://www.queenalice.com/game.php?id=472378"]
[Date "2008.10.3"]
[Round "1"]
[White "juim"]
[Black "ne0_cadu"]
[Result "0-1"]
[WhiteElo "1777"]
[BlackElo "1817"]

1. e4 e6 2. Bc4 d5 3. exd5 exd5 4. Be2 Nf6 5. Nf3 Bd6 6. O-O O-O 7. d4 Nc6 8.
Bg5 Be7 9. Bb5 Ne4 10. Bxe7 Nxe7 11. Nbd2 Nxd2 12. Nxd2 c6 13. Bd3 Bf5 14. Bxf5
Nxf5 15. Re1 Qf6 16. Nb3 Rfe8 17. Re2 Rxe2 18. Qxe2 Nxd4 19. Nxd4 Qxd4 20. Re1
h6 21. c3 Qc5 22. Qg4 Rd8 23. Qh4 Qd6 24. Re7 Rd7 25. Re3 Qf6 26. Qg4 Re7 27.
Rxe7 Qxe7 28. h3 Qe1+ 29. Kh2 Qe5+ 30. g3 f5 31. Qh5 Kh7 32. h4 g6 33. Qf3 Qe4
34. Qd1 h5 35. Qb3 b6 36. Qa3 a5 37. Qd6 Qc4 38. Qe7+ Kh6 39. Qd8 Kg7 40. Qxb6
Qxa2 41. b4 axb4 42. cxb4 Qc4 43. Qc7+ Kh6 44. Qd8 Kg7 45. Qe7+ Kh6 46. Qf8+ Kh7
47. Qf7+ Kh6 48. Kg2 Qe4+ 49. Kg1 Qe1+ 50. Kg2 Qxb4 51. Qg8 Qe4+ 52. Kh2 Qe7 53.
Qc8 c5 54. Qh8+ Qh7 55. Qe5 Qg8 56. Kg2 c4 57. Qf4+ Kh7 58. Kh3 c3 59. Qc7+ Qg7
60. Qc5 d4 61. Qc4 Qd7 62. f4 d3 63. Qxc3 d2 0-1

[Event "AUTO-OPEN-1288"]
[Site "http://www.queenalice.com/game.php?id=472379"]
[Date "2008.10.3"]
[Round "1"]
[White "ne0_cadu"]
[Black "juim"]
[Result "1-0"]
[WhiteElo "1727"]
[BlackElo "1758"]

1. d4 d5 2. c4 dxc4 3. Nf3 Nc6 4. e3 g6 5. Bxc4 Bg7 6. Nc3 Bg4 7. h3 Bf5 8. O-O
Nf6 9. Re1 O-O 10. e4 Bd7 11. e5 Nh5 12. g4 Na5 13. b3 Nxc4 14. bxc4 Bc6 15. Ne4
Bxe4 16. Rxe4 f5 17. Re1 a5 18. gxh5 gxh5 19. Ng5 Bh6 20. Ne6 Qc8 21. Nxf8 Qxf8
22. Qxh5 Ra6 23. Kh2 Rg6 24. Bxh6 Rxh6 25. Rg1+ Kh8 26. Qg5 Rg6 27. Qh4 Rh6 28.
Qf4 e6 29. Rg2 a4 30. Rag1 Rh5 31. Rg8+ Qxg8 32. Rxg8+ Kxg8 33. Qg3+ Kf8 34.
Qa3+ Kf7 35. Qxa4 Rh4 36. Qd7+ Kg6 37. Qxe6+ Kg5 38. Qf6+ Kf4 39. Qxh4+ 1-0

[Event "AUTO-OPEN-1288"]
[Site "http://www.queenalice.com/game.php?id=472406"]
[Date "2008.10.3"]
[Round "1"]
[White "HanoiTower"]
[Black "ne0_cadu"]
[Result "1-0"]
[WhiteElo "1850"]
[BlackElo "1822"]

1. Nf3 d5 2. d4 Nf6 3. c4 e6 4. Nc3 Be7 5. cxd5 exd5 6. e3 Bg4 7. Be2 Nbd7 8.
Qb3 Nb6 9. Ne5 Bxe2 10. Nxe2 O-O 11. O-O Qd6 12. Bd2 Rab8 13. a3 Nbd7 14. Bb4
Qb6 15. Nf4 Rbd8 16. Rac1 Bxb4 17. axb4 c6 18. Rc2 Nxe5 19. dxe5 Nd7 20. e6 fxe6
21. Nxe6 a5 22. Nxd8 Rxd8 23. b5 Qxb5 24. Qxb5 cxb5 25. Rc7 b6 26. Rfc1 Nc5 27.
g4 d4 28. exd4 Rxd4 29. h3 Rc4 30. Rd1 Ne6 31. Rb7 Rc6 32. Rdd7 h6 33. Rb8+ Kh7
34. Rdb7 Nd4 35. Rxb6 Rxb6 36. Rxb6 b4 37. Kg2 Ne2 38. Ra6 Nc1 39. Rxa5 Nd3 40.
Rb5 Nxb2 41. Rxb4 Nd3 42. Rb6 Ne5 43. f4 Nd7 44. Rd6 Nc5 45. Kf3 1-0

[Event "AUTO-OPEN-1288"]
[Site "http://www.queenalice.com/game.php?id=472407"]
[Date "2008.10.3"]
[Round "1"]
[White "ne0_cadu"]
[Black "HanoiTower"]
[Result "0-1"]
[WhiteElo "1807"]
[BlackElo "1865"]

1. d4 Nf6 2. c4 b5 3. cxb5 a6 4. bxa6 Bxa6 5. Nf3 e6 6. Nc3 c5 7. g3 Nc6 8. Bg2
d5 9. O-O Ng4 10. Re1 Qb6 11. Qb3 Qa7 12. e3 cxd4 13. Nxd4 Nge5 14. Ncb5 Bxb5
15. Nxb5 Qb8 16. a4 Bb4 17. Rd1 O-O 18. Bd2 Bxd2 19. Rxd2 Nc4 20. Rd3 N6e5 21.
Rc3 Rc8 22. Ra2 Ra5 23. Nd4 Ra6 24. Qxb8 Rxb8 25. b3 Na5 26. f4 Nd7 27. b4 Nc4
28. b5 Raa8 29. Rxc4 dxc4 30. Bxa8 Rxa8 31. a5 e5 32. Ne2 Kf8 33. a6 Ke7 34. Rc2
Nb6 35. Kf2 e4 36. g4 Kd6 37. Nd4 g6 38. g5 Kc5 39. Rb2 c3 40. Ra2 Kc4 41. Ke2
Rc8 42. a7 Ra8 43. h3 Nd5 0-1

[Event "AUTO-OPEN-1288"]
[Site "http://www.queenalice.com/game.php?id=472426"]
[Date "2008.10.3"]
[Round "1"]
[White "ne0_cadu"]
[Black "silverado"]
[Result "0-1"]
[WhiteElo "1728"]
[BlackElo "1841"]

1. d4 d5 2. c4 Nf6 3. cxd5 Qxd5 4. Nc3 Qa5 5. Bd2 c6 6. e4 Qb6 7. Qa4 Bd7 8. Be3
Qxb2 9. Rc1 c5 10. Qb3 Qxb3 11. axb3 cxd4 12. Bxd4 e6 13. Bxf6 gxf6 14. Bb5 Bb4
15. Bxd7+ Nxd7 16. Ne2 Rg8 17. O-O a6 18. Rfd1 Nc5 19. Rb1 Ke7 20. Na4 Nxe4 21.
Rd4 Nd2 22. Rd1 a5 23. Rxb4 axb4 24. Rxd2 b5 25. Nc5 Ra1+ 0-1

[Event "AUTO-OPEN-1288"]
[Site "http://www.queenalice.com/game.php?id=472427"]
[Date "2008.10.3"]
[Round "1"]
[White "silverado"]
[Black "ne0_cadu"]
[Result "1-0"]
[WhiteElo "1838"]
[BlackElo "1769"]

1. e4 e6 2. d4 d5 3. e5 c5 4. c3 cxd4 5. Qxd4 a6 6. b3 Nc6 7. Qf4 Qc7 8. Nf3 b5
9. a4 bxa4 10. Rxa4 Nge7 11. Ba3 Ng6 12. Qe3 Bxa3 13. Nxa3 Ncxe5 14. Nxe5 Qxe5
15. Bb5+ Ke7 16. Bc6 Qxe3+ 17. fxe3 Ra7 18. Nb5 Rb7 19. Bxb7 Bxb7 20. Nd4 Rc8
21. Kd2 Ne5 22. Nf3 h6 23. Nxe5 1-0

[Event "XXIX"]
[Site "http://www.queenalice.com/game.php?id=472635"]
[Date "2008.10.4"]
[Round "-"]
[White "ne0_cadu"]
[Black "Urko"]
[Result "1-0"]
[WhiteElo "1838"]
[BlackElo "1669"]

1. d4 d5 2. c4 dxc4 3. Nf3 f6 4. e3 b5 5. a4 Ba6 6. axb5 Bxb5 7. b3 Qd5 8. Nc3
Qc6 9. bxc4 Bxc4 10. Bxc4 Qxc4 11. Qa4+ Qxa4 12. Nxa4 e6 13. Bd2 Bd6 14. Ke2 Ne7
15. Rhb1 O-O 16. Rb7 Nd5 17. Nb2 g5 18. Rbxa7 Rxa7 19. Rxa7 Nc6 20. Rb7 Kg7 21.
Nc4 Kg6 22. Nxd6 Rb8 23. Rxb8 Nxb8 24. Ne4 h6 25. Nc3 c6 26. Na4 Na6 27. Ne1 e5
28. dxe5 fxe5 29. Nc3 Kf5 30. e4+ Ke6 31. exd5+ cxd5 32. Nc2 Nc5 33. Nb4 d4 34.
Nb5 Kf5 35. f3 g4 36. fxg4+ Kg6 37. Nc6 d3+ 38. Ke3 e4 39. Nd6 Kg5 40. Kd4+ Kxg4
41. Kxc5 h5 42. Nxe4 h4 43. Nf2+ Kf5 44. Nxd3 Ke4 45. Be1 Kxd3 46. Bxh4 Ke4 47.
Bd8 Kf4 48. Kd5 Kg4 49. Ke5 Kh5 50. Kf5 Kh6 51. g4 Kg7 52. h4 Kh6 53. h5 Kg7 54.
g5 Kh7 55. h6 Kh8 56. Ne7 Kh7 57. Kf6 Kh8 58. h7 Kxh7 59. g6+ Kh6 60. g7 Kh5 61.
g8=Q Kh4 62. Qg2 Kh5 63. Qg5# 1-0

[Event "Challenge"]
[Site "http://www.queenalice.com/game.php?id=480427"]
[Date "2008.10.21"]
[Round "-"]
[White "isidoro"]
[Black "ne0_cadu"]
[Result "0-1"]
[WhiteElo "1748"]
[BlackElo "1837"]

1. e4 e6 2. Nf3 d5 3. Bd3 dxe4 4. Bxe4 Nf6 5. d3 Nxe4 6. dxe4 Qxd1+ 7. Kxd1 Bc5
8. Be3 Bxe3 9. fxe3 Nc6 10. Nc3 b6 11. Kd2 Bb7 12. Nb5 O-O-O+ 13. Nfd4 a6 14.
Nc3 Nxd4 15. exd4 Rxd4+ 16. Ke3 Rhd8 17. Rhf1 f6 18. g4 b5 19. a3 Rd2 20. Rf2
Rxf2 21. Kxf2 Rd2+ 22. Kg3 Rxc2 23. Rb1 c5 24. h4 b4 25. axb4 cxb4 26. Na2 a5
27. Kf4 e5+ 28. Kf3 Kd7 29. Nc1 a4 30. Nd3 Rc4 31. b3 axb3 32. Rxb3 Bxe4+ 0-1

[Event "Challenge"]
[Site "http://www.queenalice.com/game.php?id=480428"]
[Date "2008.10.21"]
[Round "-"]
[White "ne0_cadu"]
[Black "isidoro"]
[Result "1-0"]
[WhiteElo "1810"]
[BlackElo "1739"]

1. d4 Nf6 2. Nc3 d5 3. Nf3 Bg4 4. e3 e6 5. Be2 Bb4 6. Bd2 O-O 7. a3 Bd6 8. h3
Bf5 9. Nb5 Nc6 10. Nxd6 cxd6 11. O-O Ne4 12. c4 Qf6 13. cxd5 exd5 14. Bd3 Ng3
15. Bxf5 Nxf1 16. Bxh7+ Kxh7 17. Kxf1 b5 18. e4 dxe4 19. Ng5+ Kg8 20. Qh5 Qg6
21. Qxg6 fxg6 22. Nxe4 d5 23. Nc3 Nxd4 24. Nxd5 Rfd8 25. Nc3 Nb3 26. Rd1 Nxd2+
27. Ke2 Nc4 28. Nxb5 Rxd1 29. Kxd1 Nxb2+ 30. Kc2 1-0

[Event "Challenge"]
[Site "http://www.queenalice.com/game.php?id=486613"]
[Date "2008.11.1"]
[Round "-"]
[White "Dupion"]
[Black "ne0_cadu"]
[Result "1-0"]
[WhiteElo "1860"]
[BlackElo "1840"]

1. d4 d5 2. Nf3 Nf6 3. Bg5 e6 4. e3 Nbd7 5. Bd3 Be7 6. O-O h6 7. Bxf6 Nxf6 8.
Ne5 O-O 9. Nd2 c5 10. c3 c4 11. Bc2 Bd6 12. f4 b5 13. a3 Bb7 14. Rf3 Bxe5 15.
fxe5 Ne4 16. Nxe4 dxe4 17. Rg3 Qe7 18. Qh5 Kh7 19. Qg4 g6 20. Bxe4 Bxe4 21. Qxe4
Rad8 22. Rf1 Rg8 23. Rh3 Rdf8 24. Rf4 f6 25. Rfh4 Qg7 26. exf6 Rxf6 27. Rxh6+
Qxh6 28. Qb7+ Rg7 29. Rxh6+ Kxh6 30. Qxb5 Rgf7 31. Qxc4 Rf1+ 32. Qxf1 1-0

[Event "Challenge"]
[Site "http://www.queenalice.com/game.php?id=486617"]
[Date "2008.11.1"]
[Round "-"]
[White "Danilo"]
[Black "ne0_cadu"]
[Result "0-1"]
[WhiteElo "1784"]
[BlackElo "1817"]

1. e4 e6 2. d4 d5 3. e5 c5 4. c3 cxd4 5. cxd4 Nc6 6. Nf3 Bb4+ 7. Bd2 Bxd2+ 8.
Qxd2 Qa5 9. Qxa5 Nxa5 10. b3 Ne7 11. Bb5+ Nac6 12. O-O a6 13. Bxc6+ bxc6 14. Nc3
Bb7 15. a4 a5 16. Ng5 O-O 17. f4 h6 18. Nf3 Rac8 19. Ne2 c5 20. dxc5 Rxc5 21.
Rac1 Rfc8 22. Rxc5 Rxc5 23. Rc1 Rxc1+ 24. Nxc1 Nf5 25. Nd4 Nxd4 26. Kf2 Nc2 27.
Nd3 d4 28. g3 Bd5 0-1

[Event "AUTO-OPEN-1336"]
[Site "http://www.queenalice.com/game.php?id=493094"]
[Date "2008.11.14"]
[Round "1"]
[White "gsiqueira"]
[Black "ne0_cadu"]
[Result "0-1"]
[WhiteElo "1667"]
[BlackElo "1826"]

1. e4 e6 2. d4 d5 3. e5 c5 4. dxc5 Bxc5 5. Nf3 Nc6 6. Nc3 Qc7 7. Bb5 Ne7 8. O-O
a6 9. Bd3 Nxe5 10. Bf4 Nxf3+ 11. Qxf3 Bd6 12. g3 Bxf4 13. gxf4 b5 14. Rae1 Bb7
15. Qg3 O-O 16. h4 b4 17. Na4 a5 18. Kh2 Ba6 19. Rg1 g6 20. h5 Bxd3 21. Qxd3
Qxf4+ 22. Kg2 Nf5 23. Kf1 Nd4 24. h6 Nf3 25. Qe3 Qxe3 26. Rxe3 Nxg1 27. Kxg1
Rac8 28. Nb6 Rxc2 29. Nd7 Rfc8 30. Nf6+ Kh8 31. a3 Rxb2 32. Rf3 bxa3 33. Rxa3
Rc5 34. f3 Rc1# 0-1

[Event "AUTO-OPEN-1336"]
[Site "http://www.queenalice.com/game.php?id=493095"]
[Date "2008.11.14"]
[Round "1"]
[White "ne0_cadu"]
[Black "gsiqueira"]
[Result "0-1"]
[WhiteElo "1837"]
[BlackElo "1701"]

1. d4 e6 2. c4 Nc6 3. Nf3 Nf6 4. Bg5 h6 5. Bxf6 Qxf6 6. e4 Bb4+ 7. Nc3 O-O 8. a3
Bxc3+ 9. bxc3 b6 10. Be2 Re8 11. O-O Bb7 12. e5 Qe7 13. Qc2 g6 14. Rab1 Qxa3 15.
Qb2 Qe7 16. c5 h5 0-1

[Event "AUTO-OPEN-1336"]
[Site "http://www.queenalice.com/game.php?id=493140"]
[Date "2008.11.14"]
[Round "1"]
[White "salso"]
[Black "ne0_cadu"]
[Result "1-0"]
[WhiteElo "2013"]
[BlackElo "1831"]

1. e4 e6 2. d4 d5 3. Nc3 Bb4 4. e5 c5 5. dxc5 Qa5 6. Bb5+ Qxb5 7. Be3 Bxc3+ 8.
bxc3 Nd7 9. Nf3 Nxc5 10. Bxc5 Qxc5 11. Qd4 Qxd4 12. cxd4 Ne7 13. Rb1 b6 14. h4
O-O 15. g4 f6 16. h5 h6 17. c3 Ba6 18. Rh2 Rac8 19. Kd2 Bc4 20. exf6 gxf6 21. a3
Kh7 22. Ne1 f5 23. f3 fxg4 24. fxg4 Rf1 25. a4 Rcf8 26. a5 b5 27. Ke3 R8f3+ 28.
Kd2 R3f2+ 29. Rxf2 Rxf2+ 30. Ke3 Ra2 31. Nf3 Rxa5 32. Kf4 Nc6 33. g5 Ra3 34. g6+
Kg7 35. Ne5 Nxe5 36. Kxe5 Bd3 37. Rb2 Rxc3 38. Kxe6 Rc2 39. Rb3 Re2+ 40. Kd6 1-0

[Event "Challenge"]
[Site "http://www.queenalice.com/game.php?id=505294"]
[Date "2008.12.9"]
[Round "-"]
[White "r_maltz"]
[Black "ne0_cadu"]
[Result "1-0"]
[WhiteElo "1846"]
[BlackElo "1847"]

1. c4 Nf6 2. Nc3 e5 3. g3 d5 4. cxd5 Nxd5 5. Bg2 c6 6. Nf3 Nxc3 7. bxc3 Bd6 8.
O-O O-O 9. Qc2 Be6 10. Rb1 Qc7 11. Ng5 g6 12. Nxe6 Qe7 13. Nxf8 Kxf8 14. Qb3 b6
15. Re1 Qc7 16. Ba3 1-0

[Event "Challenge"]
[Site "http://www.queenalice.com/game.php?id=514903"]
[Date "2008.12.30"]
[Round "-"]
[White "filomenos"]
[Black "ne0_cadu"]
[Result "1-0"]
[WhiteElo "1950"]
[BlackElo "1851"]

1. d4 d5 2. Nc3 Nf6 3. g3 Nc6 4. Bg2 e6 5. Nf3 Bb4 6. Bd2 b6 7. a3 Bxc3 8. Bxc3
Qe7 9. O-O O-O 10. Re1 a5 11. Nd2 Ba6 12. e4 Rac8 13. exd5 Na7 14. dxe6 Rfe8 15.
exf7+ Qxf7 16. Nf3 Rxe1+ 17. Qxe1 Bb7 18. Ng5 Qh5 19. Bxb7 Rf8 20. f4 1-0